Т. 42, № 1; Физика плазмы

Bibliographic Details
Parent link:Физика плазмы/ Российская академия наук (РАН) ; Отделение физических наук РАН. Т. 42, № 1.— , 1975-
Language:Russian
Published: 2016
Format: Book
KOHA link:https://koha.lib.tpu.ru/cgi-bin/koha/opac-detail.pl?biblionumber=559239

MARC

LEADER 00000nam2a2200000 4500
001 559239
005 20231101122529.0
035 |a (RuTPU)RU\TPU\prd\253962 
090 |a 559239 
100 |a 20160310a19759999k y0rusy50 ca 
101 0 |a rus 
102 |a RU 
200 0 |a Т. 42, № 1 
210 |d 2016 
461 1 |0 (RuTPU)RU\TPU\prd\408  |t Физика плазмы  |f Российская академия наук (РАН) ; Отделение физических наук РАН  |v Т. 42, № 1  |d 1975- 
801 0 |a RU  |b 63413507  |c 20010227  |g PSBO 
801 1 |a RU  |b 63413507  |c 20160310 
801 2 |a RU  |b 63413507  |c 20230623  |g RCR 
942 |c BK 
999 |a НТБ_ТПУ  |b НФ  |e -1/20160111  |p П-8455  |s 6/20151117  |u 0,00  |v 1